Todavía 10.700 refranes más
Uloženo v:
| Hlavní autor: | |
|---|---|
| Médium: | Kniha |
| Jazyk: | španělština |
| Vydáno: |
Madrid
Prensa Española
1941
|
| Témata: | |
| Tagy: |
Přidat tag
Žádné tagy, Buďte první, kdo vytvoří štítek k tomuto záznamu!
|
MARC
| LEADER | 00000nam a2200000 a 4500 | ||
|---|---|---|---|
| 001 | UCT4224 | ||
| 003 | CL-VaPUC | ||
| 008 | 961108e19410000SP |||||||||||||||||spa|d | ||
| 082 | 0 | 4 | |a 398.9 |b ROD |2 21 |
| 100 | 0 | |a Rodríguez Marín, Francisco |e author |9 345386 | |
| 245 | 1 | 0 | |a Todavía 10.700 refranes más |
| 300 | |a 315 p | ||
| 942 | |c BK | ||
| 945 | |d 19961108 00:00:00 |a rleighto | ||
| 260 | |a Madrid |b Prensa Española |c 1941 | ||
| 650 | 7 | |a REFRANES |2 CL-VaPUC |9 373405 | |
| 650 | 7 | |a FOLKLORE |2 CL-VaPUC |9 268291 | |
| 650 | 7 | |a CULTURAS POPULARES |2 CL-VaPUC |9 338177 | |
| 650 | 0 | |a Costumbres y tradiciones |9 268292 | |
| 650 | 0 | |a Cultura |9 269059 | |
| 650 | 0 | |a Arte popular |9 362163 | |
| 583 | |a last modification |c 19961108 00:00:00 |k Rodrigo Vera | ||
| 999 | |c 253635 |d 253633 | ||
| 952 | |0 0 |1 0 |4 0 |6 398_900000000000000_ROD_1941 |7 0 |8 A |9 274602 |a BIBEDU |b BIBEDU |d 2019-11-19 |i 3248542 |o 398.9 ROD 1941 |p 3248542 |r 2019-11-19 |w 2019-11-19 |y BK |k LIT | ||